[Event "DVM U10 2023"]
[Site "Magdeburg GER"]
[Date "2023.12.27"]
[Round "2"]
[White "Poladli, Firuz"]
[Black "Varazi, Maxime"]
[Result "0-1"]
[Termination "normal"]
[Board "9.2"]
[WhiteElo "1030"]
[BlackElo "1127"]
[WhiteClock "00:22:09"]
[BlackClock "00:41:58"]
[WhiteTeam "SV Dresden-Leuben"]
[BlackTeam "TSG Oberschöneweide"]
[PlyCount "90"]
[BlackFideId "34618929"]
[EventCountry "GER"]
[EventRounds "7"]
[EventType "team-swiss"]
[EventDate "2023.12.27"]

1. e4 {[%clk 00:55:09]} e5 {[%clk 00:54:58]} {[%emt 00:00:13]} 2. Nf3 {[%clk
00:55:08]} {[%emt 00:00:05]} Nf6 {[%clk 00:54:58]} {[%emt 00:00:05]} 3. Nxe5
{[%clk 00:55:04]} {[%emt 00:00:09]} d6 {[%clk 00:54:55]} {[%emt 00:00:08]} 4.
Nf3 {[%clk 00:55:02]} {[%emt 00:00:07]} Nxe4 {[%clk 00:54:55]} {[%emt
00:00:06]} 5. Qe2 {[%clk 00:55:04]} {[%emt 00:00:02]} Qe7 {[%clk 00:54:54]}
{[%emt 00:00:06]} 6. d3 {[%clk 00:54:27]} {[%emt 00:00:42]} Nf6 {[%clk
00:54:53]} {[%emt 00:00:06]} 7. Qxe7+ {[%clk 00:54:30]} {[%emt 00:00:02]} Bxe7
{[%clk 00:54:52]} {[%emt 00:00:06]} 8. Bf4 {[%clk 00:54:30]} {[%emt 00:00:04]}
O-O {[%clk 00:54:49]} {[%emt 00:00:09]} 9. Nc3 {[%clk 00:52:38]} {[%emt
00:01:58]} Nc6 {[%clk 00:54:36]} {[%emt 00:00:17]} 10. Be2 {[%clk 00:52:37]}
{[%emt 00:00:06]} Bf5 {[%clk 00:54:19]} {[%emt 00:00:21]} 11. O-O {[%clk
00:52:16]} {[%emt 00:00:27]} Rfe8 {[%clk 00:53:57]} {[%emt 00:00:27]} 12. d4
{[%clk 00:52:17]} {[%emt 00:00:04]} Bxc2 {[%clk 00:52:59]} {[%emt 00:01:03]}
13. Bc4 {[%clk 00:52:01]} {[%emt 00:00:19]} h6 {[%clk 00:52:05]} {[%emt
00:01:01]} 14. Rac1 {[%clk 00:51:30]} {[%emt 00:00:35]} Bf5 {[%clk 00:51:56]}
{[%emt 00:00:14]} 15. Nh4 {[%clk 00:51:17]} {[%emt 00:00:18]} Bh7 {[%clk
00:51:33]} {[%emt 00:00:29]} 16. Nf3 {[%clk 00:50:38]} {[%emt 00:00:45]} Ne4
{[%clk 00:50:09]} {[%emt 00:01:27]} 17. Nxe4 {[%clk 00:50:12]} {[%emt
00:00:33]} Bxe4 {[%clk 00:50:07]} {[%emt 00:00:06]} 18. Bb5 {[%clk 00:49:19]}
{[%emt 00:00:59]} a6 {[%clk 00:49:44]} {[%emt 00:00:27]} 19. Ba4 {[%clk
00:49:20]} {[%emt 00:00:03]} b5 {[%clk 00:49:37]} {[%emt 00:00:13]} 20. Bb3
{[%clk 00:49:21]} {[%emt 00:00:03]} Bxf3 {[%clk 00:49:16]} {[%emt 00:00:26]}
21. gxf3 {[%clk 00:46:00]} {[%emt 00:03:26]} Nxd4 {[%clk 00:49:10]} {[%emt
00:00:11]} 22. Bd1 {[%clk 00:44:32]} {[%emt 00:01:33]} c5 {[%clk 00:48:54]}
{[%emt 00:00:22]} 23. Kh1 {[%clk 00:42:03]} {[%emt 00:02:32]} Rad8 {[%clk
00:48:34]} {[%emt 00:00:27]} 24. Rg1 {[%clk 00:41:40]} {[%emt 00:00:24]} Kh8
{[%clk 00:47:59]} {[%emt 00:00:44]} 25. Be3 {[%clk 00:40:49]} {[%emt 00:00:54]}
Ne6 {[%clk 00:47:40]} {[%emt 00:00:26]} 26. Bc2 {[%clk 00:39:24]} {[%emt
00:01:30]} Bf6 {[%clk 00:47:23]} {[%emt 00:00:23]} 27. Rg3 {[%clk 00:36:50]}
{[%emt 00:02:31]} Bxb2 {[%clk 00:47:19]} {[%emt 00:00:16]} 28. Rcg1 {[%clk
00:36:46]} {[%emt 00:00:07]} Bf6 {[%clk 00:47:22]} {[%emt 00:00:04]} 29. Rh3
{[%clk 00:35:48]} {[%emt 00:01:01]} g6 {[%clk 00:44:07]} {[%emt 00:03:21]} 30.
Bxh6 {[%clk 00:29:48]} {[%emt 00:05:56]} Kg8 {[%clk 00:44:08]} {[%emt
00:00:15]} 31. Bf5 {[%clk 00:29:15]} {[%emt 00:00:34]} Nd4 {[%clk 00:43:54]}
{[%emt 00:00:22]} 32. Be4 {[%clk 00:26:35]} {[%emt 00:02:45]} d5 {[%clk
00:43:47]} {[%emt 00:00:13]} 33. Bb1 {[%clk 00:25:55]} {[%emt 00:00:30]} Ne2
{[%clk 00:43:40]} {[%emt 00:00:25]} 34. Rg2 {[%clk 00:25:09]} {[%emt 00:00:51]}
d4 {[%clk 00:43:19]} {[%emt 00:00:27]} 35. Bd3 {[%clk 00:23:46]} {[%emt
00:01:27]} c4 {[%clk 00:43:14]} {[%emt 00:00:11]} 36. Bxe2 {[%clk 00:23:10]}
{[%emt 00:00:41]} Rxe2 {[%clk 00:43:12]} {[%emt 00:00:07]} 37. Rg1 {[%clk
00:22:46]} {[%emt 00:00:28]} d3 {[%clk 00:43:15]} {[%emt 00:00:03]} 38. f4
{[%clk 00:22:44]} {[%emt 00:00:07]} d2 {[%clk 00:42:58]} {[%emt 00:00:22]} 39.
f5 {[%clk 00:22:42]} {[%emt 00:00:07]} d1=Q {[%clk 00:42:42]} {[%emt 00:00:21]}
40. Rhg3 {[%clk 00:22:08]} {[%emt 00:00:39]} Qxg1+ {[%clk 00:42:25]} {[%emt
00:00:23]} 41. Rxg1 {[%clk 00:22:11]} c3 {[%clk 00:42:08]} {[%emt 00:00:22]}
42. fxg6 {[%clk 00:22:12]} {[%emt 00:00:03]} fxg6 {[%clk 00:41:57]} {[%emt
00:00:17]} 43. Rxg6+ {[%clk 00:22:09]} {[%emt 00:00:06]} Kf7 {[%clk 00:41:58]}
{[%emt 00:00:06]} 44. Rg1 {[%emt 00:00:06]} c2 {[%emt 00:00:09]} 45. Rc1 {[%clk
00:22:09]} {[%emt 00:00:02]} Rd1+ {[%emt 00:04:42]} 0-1

[Event "DVM U10 2023"]
[Site "Magdeburg GER"]
[Date "2023.12.27"]
[Round "2"]
[White "Karpowitz, Luc"]
[Black "Le, Nhat Vinh"]
[Result "0-1"]
[Termination "normal"]
[Board "9.4"]
[WhiteElo "1061"]
[BlackElo "973"]
[WhiteClock "00:29:14"]
[BlackClock "00:44:08"]
[WhiteTeam "SV Dresden-Leuben"]
[BlackTeam "TSG Oberschöneweide"]
[PlyCount "84"]
[EventCountry "GER"]
[EventRounds "7"]
[EventType "team-swiss"]
[EventDate "2023.12.27"]

1. e4 {[%clk 00:55:08]} {[%emt 00:00:01]} c6 {[%clk 00:55:05]} {[%emt
00:00:06]} 2. Nc3 {[%clk 00:55:02]} {[%emt 00:00:12]} d5 {[%clk 00:55:00]}
{[%emt 00:00:09]} 3. f3 {[%clk 00:54:42]} {[%emt 00:00:25]} e6 {[%clk
00:54:27]} {[%emt 00:00:38]} 4. d3 {[%clk 00:54:28]} {[%emt 00:00:18]} c5
{[%clk 00:53:01]} {[%emt 00:01:32]} 5. exd5 {[%clk 00:54:07]} {[%emt 00:00:27]}
exd5 {[%clk 00:52:50]} {[%emt 00:00:15]} 6. Qe2+ {[%clk 00:53:49]} {[%emt
00:00:23]} Be7 {[%clk 00:52:09]} {[%emt 00:00:46]} 7. Bf4 {[%clk 00:52:48]}
{[%emt 00:01:05]} Nc6 {[%clk 00:51:47]} {[%emt 00:00:28]} 8. Be3 {[%clk
00:52:13]} {[%emt 00:00:39]} d4 {[%clk 00:50:56]} {[%emt 00:00:57]} 9. Bg5
{[%clk 00:51:27]} {[%emt 00:00:50]} dxc3 {[%clk 00:50:28]} {[%emt 00:00:34]}
10. Bxe7 {[%clk 00:51:10]} {[%emt 00:00:22]} Qxe7 {[%clk 00:50:23]} {[%emt
00:00:11]} 11. Qxe7+ {[%clk 00:49:25]} {[%emt 00:01:49]} Ngxe7 {[%clk
00:50:13]} {[%emt 00:00:16]} 12. bxc3 {[%clk 00:49:06]} {[%emt 00:00:23]} O-O
{[%clk 00:49:35]} {[%emt 00:00:43]} 13. c4 {[%clk 00:48:46]} {[%emt 00:00:26]}
Nb4 {[%clk 00:49:21]} {[%emt 00:00:19]} 14. O-O-O {[%clk 00:47:30]} {[%emt
00:00:46]} Nxa2+ {[%clk 00:49:23]} {[%emt 00:00:37]} 15. Kb1 {[%clk 00:47:20]}
{[%emt 00:00:15]} Nc3+ {[%clk 00:49:20]} {[%emt 00:00:08]} 16. Kb2 {[%clk
00:46:22]} {[%emt 00:01:02]} Nxd1+ {[%clk 00:49:15]} {[%emt 00:00:11]} 17. Kc1
{[%clk 00:45:42]} {[%emt 00:00:45]} Nf2 {[%clk 00:49:12]} {[%emt 00:00:07]} 18.
d4 {[%clk 00:43:58]} {[%emt 00:01:50]} cxd4 {[%clk 00:49:06]} {[%emt 00:00:11]}
19. c5 {[%clk 00:43:32]} {[%emt 00:00:31]} Nxh1 {[%clk 00:49:02]} {[%emt
00:00:08]} 20. Bc4 {[%clk 00:42:48]} {[%emt 00:00:50]} a5 {[%clk 00:48:46]}
{[%emt 00:00:21]} 21. Ne2 {[%clk 00:42:20]} {[%emt 00:00:33]} Nf2 {[%clk
00:48:27]} {[%emt 00:00:24]} 22. Nxd4 {[%clk 00:41:49]} {[%emt 00:00:36]} Nf5
{[%clk 00:48:04]} {[%emt 00:00:28]} 23. Nb5 {[%clk 00:39:10]} {[%emt 00:02:42]}
a4 {[%emt 00:00:33]} 24. Nc3 {[%clk 00:38:48]} {[%emt 00:00:25]} a3 {[%clk
00:47:34]} {[%emt 00:00:11]} 25. Kb1 {[%clk 00:38:30]} {[%emt 00:00:23]} Re8
{[%clk 00:47:12]} {[%emt 00:00:27]} 26. Ka2 {[%clk 00:38:08]} {[%emt 00:00:27]}
Be6 {[%clk 00:46:56]} {[%emt 00:00:21]} 27. Kb3 {[%clk 00:37:52]} {[%emt
00:00:19]} Bxc4+ {[%clk 00:46:51]} {[%emt 00:00:12]} 28. Kxc4 {[%clk 00:37:36]}
{[%emt 00:00:21]} a2 {[%clk 00:46:48]} {[%emt 00:00:09]} 29. Nxa2 {[%clk
00:37:37]} {[%emt 00:00:03]} Rxa2 {[%clk 00:46:46]} {[%emt 00:00:07]} 30. Kb5
{[%clk 00:37:23]} {[%emt 00:00:18]} Rxc2 {[%clk 00:46:31]} {[%emt 00:00:21]}
31. Kb6 {[%clk 00:37:16]} {[%emt 00:00:12]} Re7 {[%clk 00:46:12]} {[%emt
00:00:24]} 32. g4 {[%clk 00:36:48]} {[%emt 00:00:33]} Nh4 {[%clk 00:46:04]}
{[%emt 00:00:13]} 33. f4 {[%clk 00:36:32]} {[%emt 00:00:21]} Nxg4 {[%clk
00:45:26]} {[%emt 00:00:43]} 34. h3 {[%clk 00:36:17]} {[%emt 00:00:20]} Nf2
{[%clk 00:45:22]} {[%emt 00:00:09]} 35. f5 {[%clk 00:35:50]} {[%emt 00:00:32]}
Nxf5 {[%clk 00:45:15]} {[%emt 00:00:12]} 36. Kb5 {[%clk 00:35:13]} {[%emt
00:00:42]} Nxh3 {[%clk 00:45:11]} {[%emt 00:00:09]} 37. Kb4 {[%clk 00:35:13]}
{[%emt 00:00:05]} b6 {[%clk 00:44:45]} 38. Kb3 {[%clk 00:32:15]} {[%emt
00:03:34]} Rxc5 {[%clk 00:44:38]} 39. Kb2 {[%clk 00:32:07]} {[%emt 00:00:25]}
Re4 {[%clk 00:44:27]} 40. Kb3 {[%clk 00:31:23]} {[%emt 00:01:06]} Rec4 {[%clk
00:44:21]} 41. Ka3 {[%clk 00:31:15]} {[%emt 00:00:22]} Rb5 {[%clk 00:44:12]}
42. Ka2 {[%clk 00:29:14]} {[%emt 00:02:20]} Ra4# {[%clk 00:44:08]} 0-1

[Event "DVM U10 2023"]
[Site "Magdeburg GER"]
[Date "2023.12.27"]
[Round "2"]
[White "Sun, Christopher"]
[Black "Lola, Georgia-Maria"]
[Result "0-1"]
[Termination "normal"]
[Board "10.1"]
[WhiteElo "1417"]
[BlackElo "1243"]
[WhiteClock "00:07:18"]
[BlackClock "00:16:46"]
[WhiteTeam "Karlsruher SF 1853"]
[BlackTeam "MSA Zugzwang 82"]
[PlyCount "114"]
[WhiteFideId "34630368"]
[BlackFideId "34629335"]
[EventCountry "GER"]
[EventRounds "7"]
[EventType "team-swiss"]
[EventDate "2023.12.27"]

1. e4 {[%clk 00:55:09]} e5 {[%clk 00:55:04]} {[%emt 00:00:06]} 2. Nf3 {[%clk
00:55:12]} {[%emt 00:00:02]} Nc6 {[%clk 00:55:03]} {[%emt 00:00:06]} 3. Bb5
{[%clk 00:55:13]} {[%emt 00:00:05]} Nf6 {[%clk 00:55:02]} {[%emt 00:00:05]} 4.
O-O {[%clk 00:55:14]} {[%emt 00:00:05]} Nxe4 {[%clk 00:55:01]} {[%emt
00:00:06]} 5. Re1 {[%clk 00:55:14]} {[%emt 00:00:04]} Nd6 {[%clk 00:54:49]}
{[%emt 00:00:17]} 6. Nxe5 {[%clk 00:55:01]} {[%emt 00:00:19]} Be7 {[%clk
00:54:34]} {[%emt 00:00:19]} 7. Nxc6 {[%clk 00:54:03]} {[%emt 00:01:04]} dxc6
{[%clk 00:54:26]} {[%emt 00:00:12]} 8. Be2 {[%clk 00:53:31]} {[%emt 00:00:36]}
O-O {[%clk 00:54:05]} {[%emt 00:00:27]} 9. d4 {[%clk 00:53:07]} {[%emt
00:00:30]} Re8 {[%clk 00:52:32]} {[%emt 00:01:38]} 10. Bd3 {[%clk 00:52:14]}
{[%emt 00:00:57]} Bf8 {[%clk 00:50:58]} {[%emt 00:01:39]} 11. Rxe8 {[%clk
00:49:49]} {[%emt 00:02:31]} Qxe8 {[%clk 00:50:39]} {[%emt 00:00:23]} 12. Bf4
{[%clk 00:49:10]} {[%emt 00:00:43]} Be6 {[%clk 00:48:43]} {[%emt 00:02:03]} 13.
Nd2 {[%clk 00:46:34]} {[%emt 00:02:41]} f6 {[%clk 00:46:08]} {[%emt 00:02:40]}
14. Ne4 {[%clk 00:43:43]} {[%emt 00:02:55]} Bf7 {[%clk 00:44:41]} {[%emt
00:01:29]} 15. Nxd6 {[%clk 00:42:57]} {[%emt 00:00:54]} Bxd6 {[%clk 00:44:36]}
{[%emt 00:00:10]} 16. Bxd6 {[%clk 00:42:51]} {[%emt 00:00:12]} cxd6 {[%clk
00:44:36]} {[%emt 00:00:05]} 17. c3 {[%clk 00:41:37]} {[%emt 00:01:19]} Rd8
{[%clk 00:43:29]} {[%emt 00:01:12]} 18. Qc2 {[%clk 00:41:03]} {[%emt 00:00:39]}
Kh8 {[%clk 00:40:49]} {[%emt 00:02:44]} 19. Qd2 {[%clk 00:36:37]} {[%emt
00:04:31]} c5 {[%clk 00:40:06]} {[%emt 00:00:49]} 20. Re1 {[%clk 00:28:06]}
{[%emt 00:08:35]} Qc6 {[%clk 00:38:22]} {[%emt 00:01:40]} 21. Be4 {[%clk
00:25:47]} {[%emt 00:02:34]} Bd5 {[%clk 00:37:29]} {[%emt 00:00:55]} 22. Bxd5
{[%clk 00:24:48]} {[%emt 00:01:07]} Qxd5 {[%clk 00:37:26]} {[%emt 00:00:07]}
23. a3 {[%clk 00:22:35]} {[%emt 00:02:19]} cxd4 {[%clk 00:36:17]} {[%emt
00:01:13]} 24. Qxd4 {[%clk 00:20:55]} {[%emt 00:01:44]} Qxd4 {[%clk 00:35:50]}
{[%emt 00:00:34]} 25. cxd4 {[%clk 00:19:53]} {[%emt 00:01:06]} d5 {[%clk
00:35:20]} {[%emt 00:00:36]} 26. Re7 {[%clk 00:18:55]} {[%emt 00:01:02]} Rc8
{[%clk 00:32:36]} {[%emt 00:02:50]} 27. g3 {[%clk 00:18:47]} {[%emt 00:00:13]}
Rb8 {[%clk 00:31:55]} {[%emt 00:00:44]} 28. Rd7 {[%clk 00:18:16]} {[%emt
00:00:37]} g5 {[%clk 00:30:32]} {[%emt 00:01:28]} 29. Rxd5 {[%clk 00:17:38]}
{[%emt 00:00:44]} b5 {[%clk 00:30:12]} {[%emt 00:00:25]} 30. b4 {[%clk
00:15:59]} {[%emt 00:01:44]} Rb6 {[%clk 00:29:12]} {[%emt 00:00:57]} 31. Kg2
{[%clk 00:13:46]} {[%emt 00:02:25]} a6 {[%clk 00:27:56]} {[%emt 00:01:21]} 32.
Kf3 {[%clk 00:13:18]} {[%emt 00:00:33]} Kg7 {[%clk 00:27:12]} {[%emt 00:00:48]}
33. Rd7+ {[%clk 00:12:55]} {[%emt 00:00:30]} Kg6 {[%clk 00:26:36]} {[%emt
00:00:41]} 34. Ke4 {[%clk 00:11:57]} {[%emt 00:01:02]} Re6+ {[%clk 00:23:41]}
{[%emt 00:03:00]} 35. Kd3 {[%clk 00:11:25]} {[%emt 00:00:37]} h5 {[%clk
00:22:25]} {[%emt 00:01:21]} 36. d5 {[%clk 00:10:41]} {[%emt 00:00:49]} Re5
{[%clk 00:21:24]} {[%emt 00:01:06]} 37. Kd4 {[%clk 00:09:37]} {[%emt 00:01:09]}
Re2 {[%clk 00:20:38]} {[%emt 00:00:51]} 38. d6 {[%clk 00:09:22]} {[%emt
00:00:21]} Rxf2 {[%clk 00:20:24]} {[%emt 00:00:18]} 39. Re7 {[%clk 00:09:00]}
{[%emt 00:00:28]} Rxh2 {[%clk 00:18:36]} {[%emt 00:01:53]} 40. Re3 {[%clk
00:08:17]} {[%emt 00:00:46]} Rd2+ {[%clk 00:18:26]} {[%emt 00:00:16]} 41. Rd3
{[%clk 00:08:00]} {[%emt 00:00:22]} Rxd3+ {[%clk 00:18:24]} {[%emt 00:00:08]}
42. Kxd3 {[%clk 00:08:02]} {[%emt 00:00:03]} Kf7 {[%clk 00:18:21]} {[%emt
00:00:08]} 43. Kd4 {[%clk 00:07:56]} {[%emt 00:00:11]} Ke6 {[%clk 00:18:10]}
{[%emt 00:00:15]} 44. Kc5 {[%clk 00:07:57]} {[%emt 00:00:05]} Kd7 {[%clk
00:18:09]} {[%emt 00:00:06]} 45. Kb6 {[%clk 00:07:56]} {[%emt 00:00:05]} h4
{[%clk 00:18:01]} {[%emt 00:00:14]} 46. gxh4 {[%clk 00:07:57]} {[%emt
00:00:03]} g4 {[%clk 00:17:53]} {[%emt 00:00:14]} 47. h5 {[%clk 00:07:42]}
{[%emt 00:00:20]} g3 {[%clk 00:17:54]} {[%emt 00:00:04]} 48. h6 {[%clk
00:07:37]} {[%emt 00:00:09]} g2 {[%clk 00:17:56]} {[%emt 00:00:04]} 49. h7
{[%clk 00:07:35]} {[%emt 00:00:06]} g1=Q+ {[%clk 00:17:55]} {[%emt 00:00:05]}
50. Kxa6 {[%clk 00:07:35]} {[%emt 00:00:07]} Qh1 {[%clk 00:17:54]} {[%emt
00:00:06]} 51. Kxb5 {[%clk 00:07:32]} {[%emt 00:00:08]} Qxh7 {[%clk 00:17:54]}
{[%emt 00:00:05]} 52. a4 {[%clk 00:07:30]} {[%emt 00:00:07]} Kxd6 {[%clk
00:17:51]} {[%emt 00:00:08]} 53. Kb6 {[%clk 00:07:29]} {[%emt 00:00:07]} Qc7+
{[%clk 00:17:45]} {[%emt 00:00:10]} 54. Ka6 {[%clk 00:07:28]} {[%emt 00:00:06]}
Kc6 {[%clk 00:17:31]} {[%emt 00:00:17]} 55. b5 {[%clk 00:07:21]} {[%emt
00:00:14]} Kc5 {[%clk 00:17:30]} {[%emt 00:00:05]} 56. a5 {[%clk 00:07:17]}
{[%emt 00:00:10]} Qb8 {[%clk 00:16:54]} {[%emt 00:00:40]} 57. b6 {[%clk
00:07:18]} {[%emt 00:00:05]} Qa8# {[%clk 00:16:46]} {[%emt 00:00:13]} 0-1

[Event "DVM U10 2023"]
[Site "Magdeburg GER"]
[Date "2023.12.27"]
[Round "2"]
[White "Wittenberger, Henri"]
[Black "Liu, Kairui"]
[Result "1-0"]
[Termination "normal"]
[Board "10.2"]
[WhiteElo "1066"]
[BlackElo "1192"]
[WhiteClock "00:28:08"]
[BlackClock "00:13:28"]
[WhiteTeam "MSA Zugzwang 82"]
[BlackTeam "Karlsruher SF 1853"]
[PlyCount "71"]
[WhiteFideId "34691510"]
[BlackFideId "34660534"]
[EventCountry "GER"]
[EventRounds "7"]
[EventType "team-swiss"]
[EventDate "2023.12.27"]

1. e4 {[%clk 00:55:08]} e5 {[%clk 00:55:09]} {[%emt 00:00:02]} 2. Nf3 {[%clk
00:55:06]} {[%emt 00:00:07]} Nc6 {[%clk 00:55:09]} {[%emt 00:00:05]} 3. Bc4
{[%clk 00:55:00]} {[%emt 00:00:10]} Bc5 {[%clk 00:55:06]} {[%emt 00:00:08]} 4.
c3 {[%clk 00:54:59]} {[%emt 00:00:07]} Nf6 {[%clk 00:55:07]} {[%emt 00:00:04]}
5. d4 {[%clk 00:54:51]} {[%emt 00:00:13]} exd4 {[%emt 00:00:05]} 6. cxd4 {[%clk
00:54:46]} {[%emt 00:00:09]} Bb4+ {[%clk 00:55:01]} {[%emt 00:00:11]} 7. Nc3
{[%clk 00:54:44]} {[%emt 00:00:08]} d5 {[%clk 00:53:48]} {[%emt 00:01:18]} 8.
exd5 {[%clk 00:51:17]} {[%emt 00:03:32]} Nxd5 {[%clk 00:52:35]} {[%emt
00:01:17]} 9. Bxd5 {[%clk 00:50:08]} {[%emt 00:01:14]} Qxd5 {[%clk 00:52:26]}
{[%emt 00:00:15]} 10. a3 {[%clk 00:49:20]} {[%emt 00:00:53]} Bxc3+ {[%clk
00:52:11]} {[%emt 00:00:20]} 11. bxc3 {[%clk 00:49:12]} {[%emt 00:00:12]} O-O
{[%clk 00:51:07]} {[%emt 00:01:09]} 12. O-O {[%clk 00:48:55]} {[%emt 00:00:22]}
Bg4 {[%clk 00:50:55]} {[%emt 00:00:17]} 13. a4 {[%clk 00:47:58]} {[%emt
00:01:03]} Rad8 {[%clk 00:50:33]} {[%emt 00:00:26]} 14. Qd3 {[%clk 00:46:39]}
{[%emt 00:01:25]} Rd6 {[%clk 00:49:55]} {[%emt 00:00:44]} 15. Ba3 {[%clk
00:45:56]} {[%emt 00:00:47]} Rg6 {[%clk 00:49:13]} {[%emt 00:00:47]} 16. Nh4
{[%clk 00:44:03]} {[%emt 00:01:56]} Rh6 {[%clk 00:47:29]} {[%emt 00:01:52]} 17.
Qg3 {[%clk 00:43:28]} {[%emt 00:00:36]} Be6 {[%emt 00:06:01]} 18. Bxf8 {[%clk
00:42:48]} {[%emt 00:00:34]} Kxf8 {[%clk 00:41:42]} {[%emt 00:00:10]} 19. Rad1
{[%clk 00:41:55]} {[%emt 00:00:51]} Qd8 {[%clk 00:40:59]} {[%emt 00:00:54]} 20.
Nf3 {[%clk 00:40:24]} {[%emt 00:01:36]} Rg6 {[%clk 00:38:23]} {[%emt 00:02:42]}
21. Qh4 {[%clk 00:40:03]} {[%emt 00:00:21]} Qd6 {[%clk 00:35:48]} {[%emt
00:02:44]} 22. g3 {[%clk 00:38:05]} {[%emt 00:01:58]} Rh6 {[%clk 00:34:10]}
{[%emt 00:01:49]} 23. Qg5 {[%clk 00:36:54]} {[%emt 00:01:13]} Qa3 {[%clk
00:29:09]} {[%emt 00:05:09]} 24. d5 {[%clk 00:35:45]} {[%emt 00:01:14]} Bh3
{[%clk 00:27:36]} {[%emt 00:01:38]} 25. dxc6 {[%clk 00:35:12]} {[%emt
00:00:38]} f6 {[%clk 00:24:03]} {[%emt 00:03:38]} 26. cxb7 {[%clk 00:33:50]}
{[%emt 00:01:27]} Qb3 {[%clk 00:20:52]} {[%emt 00:03:10]} 27. Qc5+ {[%clk
00:33:01]} {[%emt 00:00:57]} Kf7 {[%clk 00:20:06]} {[%emt 00:00:54]} 28. Qxc7+
{[%clk 00:32:42]} {[%emt 00:00:24]} Kg6 {[%clk 00:19:13]} {[%emt 00:00:57]} 29.
b8=Q {[%clk 00:32:00]} {[%emt 00:00:47]} Qe6 {[%clk 00:18:35]} {[%emt
00:00:44]} 30. Qb1+ {[%clk 00:31:26]} {[%emt 00:00:38]} Bf5 {[%clk 00:18:11]}
{[%emt 00:00:29]} 31. Nh4+ {[%clk 00:31:11]} {[%emt 00:00:21]} Rxh4 {[%clk
00:16:49]} {[%emt 00:01:27]} 32. Rd6 {[%clk 00:29:49]} {[%emt 00:01:26]} Qe5
{[%clk 00:15:19]} {[%emt 00:01:34]} 33. Qc1 {[%clk 00:29:19]} {[%emt 00:00:31]}
Re4 {[%clk 00:14:53]} {[%emt 00:00:36]} 34. Qe3 {[%clk 00:28:41]} Kh6 {[%clk
00:13:28]} 35. Qexa7 g6 {[%emt 00:00:37]} 36. Qg7+ {[%clk 00:28:08]} *